000 00886nas a2200301 4500
001 BR0604020
003 BR-BrBNA
005 20231205110354.0
007 ta
008 230509b bl.|||p| |||| 00| 00por d
040 _aBR-BrBNA
_bpor
_cBiblioteca Nacional de Agricultura
041 _a(En)
072 _aF01
100 1 _aEira, F.C. da
100 1 _aMeirelles, W.F.
100 1 _aPaccola-Meirelles, K.D.
245 1 _aShiitake production in corncob substrates
650 _aCOGUMELO COMESTÍVEL
650 _aPRODUÇÃO VEGETAL
650 _aBIOLOGIA VEGETAL
650 _aSUBSTRATO DE CULTURA
650 _aRESÍDUO
650 _aQUALIDADE
650 _aVALOR NUTRITIVO
773 0 _tRevista Brasileira de Milho e Sorgo (Brazil)
_xISSN 1676-689X
_g(May-Aug 2005), v. 4(2) p. 141-148
_wBR0604020
909 _a202311
_bLúcia
_c55
_dLúcia Elande
942 _2AGRIS
_n0
_cANA
999 _c187143
_d187143